000 00283nam a2200121Ia 4500
100 _aKreyszig/E
942 _cBK
654 _aengineering
245 _aAdvanced Engineering Mathematics
260 _bWILEY EASTERN LIMITED
_aNew Delhi
_c1985
082 _a510
_bKRE
546 _aENGLISH
999 _c34457
_d34457